La fine del mondo antico. Le cause della caduta dell' impero romano
I tiakina i:
| Kaituhi matua: | |
|---|---|
| Hōputu: | Tē mōhiotia |
| Reo: | Ingarihi |
| I whakaputaina: |
Torino, Italia.
Bollati Boringhieri,
2008
|
| Putanga: | Prima edizione |
| Ngā marau: | |
| Ngā Tūtohu: |
Tāpirihia he Tūtohu
Kāore He Tūtohu, Me noho koe te mea tuatahi ki te tūtohu i tēnei pūkete!
|
MARC
| LEADER | 00000 a2200000 4500 | ||
|---|---|---|---|
| 003 | CL-VaPUC | ||
| 005 | 20211122154953.0 | ||
| 008 | 211029b2008 ||||| |||| 00| 0 eng d | ||
| 999 | |c 433776 |d 433774 | ||
| 020 | |a 978-88-339-1948-5 | ||
| 040 | |c Pontificia Universidad Católica de Valparaíso | ||
| 082 | |a 937.06 MAZ 2008 | ||
| 100 | |a Mazzarino, Santo |e autor |9 592438 | ||
| 245 | |a La fine del mondo antico. Le cause della caduta dell' impero romano | ||
| 250 | |a Prima edizione | ||
| 260 | |a Torino, Italia. |b Bollati Boringhieri, |c 2008 | ||
| 300 | |a 217 páginas | ||
| 583 | |k Cristina María Rojas Aguilar |c 20211029 | ||
| 650 | 0 | |a Caída del imperio romano |9 603341 | |
| 650 | 0 | |a Mundo antiguo |9 486553 | |
| 942 | |2 ddc |c BK | ||
| 952 | |0 0 |1 0 |2 ddc |4 0 |6 937_060000000000000_MAZ_2008 |7 0 |8 A |9 579059 |a BIBHIS |b BIBHIS |d 2021-10-26 |e 152 |g 0.00 |i 5589703 |o 937.06 MAZ 2008 |p 5589703 |r 2023-01-25 |t 1 |v 0.00 |w 2021-10-26 |y BK |k HIS | ||